Abádszalók és a Tisza
Elmentve itt :
| Szerző: | |
|---|---|
| Testületi szerző: | |
| Dokumentumtípus: | Könyv része |
| Megjelent: |
1992
|
| Sorozat: | A Nagyalföld Alapítvány Kötetei
1 A Tisza és az önkormányzatok 1 |
| Kulcsszavak: | Vízgazdálkodás - Tisza, Abádszalók |
| Tárgyszavak: | |
| Online Access: | http://acta.bibl.u-szeged.hu/63896 |
| LEADER | 00858naa a2200241 i 4500 | ||
|---|---|---|---|
| 001 | acta63896 | ||
| 005 | 20260224081030.0 | ||
| 008 | 191214s1992 hu o 000 hun d | ||
| 020 | |a 963 042 418 5 | ||
| 022 | |a 1216-4933 | ||
| 040 | |a SZTE Egyetemi Kiadványok Repozitórium |b hun | ||
| 041 | |a hun | ||
| 100 | 1 | |a Vincze Ferenc | |
| 245 | 1 | 0 | |a Abádszalók és a Tisza |h [elektronikus dokumentum] / |c Vincze Ferenc |
| 260 | |c 1992 | ||
| 300 | |a 25-26 | ||
| 490 | 0 | |a A Nagyalföld Alapítvány Kötetei |v 1 | |
| 490 | 0 | |a A Tisza és az önkormányzatok |v 1 | |
| 650 | 4 | |a Természettudományok | |
| 650 | 4 | |a Föld- és kapcsolódó környezettudományok | |
| 695 | |a Vízgazdálkodás - Tisza, Abádszalók | ||
| 710 | |a A Tisza és az önkormányzatok (1991) (Csongrád) | ||
| 856 | 4 | 0 | |u http://acta.bibl.u-szeged.hu/63896/1/nagyalfoldi_001_025-026.pdf |z Dokumentum-elérés |